NLSUI OPAC header image

Law of dishonour of cheques (Record no. 9001)

MARC details
000 -LEADER
fixed length control field 00414nam a2200157Ia 4500
008 - FIXED-LENGTH DATA ELEMENTS--GENERAL INFORMATION
fixed length control field 160316s1995 xxu||||| |||| 00| 0 eng d
082 ## - DEWEY DECIMAL CLASSIFICATION NUMBER
Classification number 346.096000
Item number SAH
100 ## - MAIN ENTRY--PERSONAL NAME
Personal name Saha A N
245 ## - TITLE STATEMENT
Title Law of dishonour of cheques
250 ## - EDITION STATEMENT
Edition statement
260 ## - PUBLICATION, DISTRIBUTION, ETC.
Place of publication, distribution, etc. New Delhi
Name of publisher, distributor, etc. Orient Law House
Date of publication, distribution, etc. 1995
300 ## - PHYSICAL DESCRIPTION
Extent 600
Other physical details
Dimensions Lxiv
365 ## - TRADE PRICE
Price amount
650 ## - SUBJECT ADDED ENTRY--TOPICAL TERM
Topical term or geographic name entry element 1.Negotiable Instruments - Cheques - Dishonour of Cheques
700 ## - ADDED ENTRY--PERSONAL NAME
Personal name
--
Holdings
Withdrawn status Lost status Damaged status Not for loan Home library Current library Shelving location Date acquired Cost, normal purchase price Total Checkouts Full call number Barcode Date last seen Price effective from Koha item type
        . . Library Compactors 30.05.2017 360.00   346.096 SAH 9267 30.05.2017 30.05.2017 BOOKs